[Event "World Rapid 2019"]
[Site "Moscow RUS"]
[Date "2019.12.26"]
[Round "3.52"]
[White "Can, Emre"]
[Black "Adhiban, Baskaran"]
[Result "0-1"]
[WhiteTitle "GM"]
[BlackTitle "GM"]
[WhiteElo "2600"]
[BlackElo "2654"]
[WhiteFideId "6302181"]
[BlackFideId "5018471"]
[EventDate "2019.12.26"]
[EventType "rapid"]

1. d4 Nf6 2. c4 g6 3. Nc3 Bg7 4. e4 d6 5. Be2 O-O 6. Be3 Nc6 7. d5 Ne5 8. h3 e6
9. Nf3 Nxf3+ 10. Bxf3 Nd7 11. O-O Bxc3 12. bxc3 e5 13. Bh6 Re8 14. Qd2 b6 15.
Bd1 Ba6 16. Bb3 f6 17. h4 Nc5 18. Rae1 Bc8 19. f4 Bg4 20. Bc2 Qe7 21. Qf2 Bd7
22. fxe5 Qxe5 23. Qxf6 Qxf6 24. Rxf6 Bf5 25. g4 Nd7 26. Rxf5 gxf5 27. Ba4 Ne5
28. Bxe8 Rxe8 29. Kg2 Nxg4 30. Bg5 h6 31. Bd2 Rxe4 32. Rxe4 fxe4 33. Kg3 e3 34.
Bc1 h5 35. Kf3 Kf7 36. Bxe3 Ne5+ 37. Ke4 Nxc4 38. Bg5 Ne5 39. a4 a5 40. Bd8 b5
41. Bxc7 bxa4 42. Bxa5 Nc4 43. Bb4 a3 44. Bxa3 Nxa3 45. Kf5 Nb5 46. c4 Na3 0-1

[Event "World Rapid 2019"]
[Site "Moscow RUS"]
[Date "2019.12.26"]
[Round "3.53"]
[White "Sasikiran, Krishnan"]
[Black "Glek, Igor"]
[Result "1-0"]
[WhiteTitle "GM"]
[BlackTitle "GM"]
[WhiteElo "2656"]
[BlackElo "2467"]
[WhiteFideId "5004985"]
[BlackFideId "4100484"]
[EventDate "2019.12.26"]
[EventType "rapid"]

1. e4 e5 2. Nf3 Nc6 3. Bb5 a6 4. Ba4 b5 5. Bb3 Na5 6. O-O d6 7. d4 exd4 8. Nxd4
Ne7 9. c4 c5 10. Ne2 Nxb3 11. axb3 b4 12. Nf4 g6 13. Nd5 Nc6 14. f4 f5 15. Re1
Kf7 16. Nd2 Bg7 17. exf5 Bxf5 18. g4 Bd4+ 19. Kg2 Qh4 20. gxf5 gxf5 21. Nf3
Rhg8+ 22. Kh1 Qh3 23. Ng5+ Rxg5 24. fxg5 Ne5 25. Qe2 Ng4 26. Rf1 Nxh2 27. Rxf5+
Qxf5 28. Kxh2 Re8 29. Qh5+ Kf8 30. Bf4 Qc2+ 31. Kh3 Re2 32. Rf1 Kg8 33. Nf6+ 1-0

[Event "World Rapid 2019"]
[Site "Moscow RUS"]
[Date "2019.12.26"]
[Round "3.54"]
[White "Carlsson, Pontus"]
[Black "Perunovic, Milos"]
[Result "1/2-1/2"]
[WhiteTitle "GM"]
[BlackTitle "GM"]
[WhiteElo "2456"]
[BlackElo "2589"]
[WhiteFideId "1705814"]
[BlackFideId "921629"]
[EventDate "2019.12.26"]
[EventType "rapid"]

1. e4 c5 2. Nf3 e6 3. c3 d5 4. exd5 exd5 5. Bb5+ Bd7 6. Bxd7+ Qxd7 7. O-O Nc6 8.
d4 cxd4 9. Re1+ Be7 10. Nxd4 Nf6 11. Bg5 O-O 12. Nd2 Rfe8 13. N2b3 h6 14. Bh4
Ne4 15. Bxe7 Rxe7 16. f3 Nd6 17. Rxe7 Qxe7 18. Qe2 Qxe2 19. Nxe2 Nc4 20. Nbd4
Nxd4 21. cxd4 Re8 22. Nf4 Nxb2 23. Rb1 Nc4 24. Rxb7 Re1+ 25. Kf2 Rd1 26. Nxd5
Rxd4 27. Ne7+ Kh7 28. Rxa7 Rd2+ 29. Kg3 Ne3 30. h4 g5 31. hxg5 hxg5 32. Nc6
Rxg2+ 33. Kh3 Rf2 34. Kg3 Rg2+ 35. Kh3 Rf2 36. Kg3 Rg2+ 1/2-1/2

[Event "World Rapid 2019"]
[Site "Moscow RUS"]
[Date "2019.12.26"]
[Round "3.55"]
[White "Kovalev, Vladislav"]
[Black "Deviatkin, Andrei"]
[Result "1-0"]
[WhiteTitle "GM"]
[BlackTitle "GM"]
[WhiteElo "2662"]
[BlackElo "2436"]
[WhiteFideId "13504398"]
[BlackFideId "4121260"]
[EventDate "2019.12.26"]
[EventType "rapid"]

1. e4 c6 2. Nf3 d5 3. Nc3 Bg4 4. h3 Bh5 5. exd5 cxd5 6. g4 Bg6 7. Ne5 Nc6 8. d4
e6 9. h4 f6 10. h5 fxe5 11. hxg6 h6 12. dxe5 Qb6 13. f4 O-O-O 14. Bd3 Nge7 15.
a3 d4 16. Ne2 Nd5 17. Ng3 Be7 18. Nh5 Ne3 19. Qe2 Qa5+ 20. Bd2 Bb4 21. Rg1 Rhf8
22. Rc1 Bxd2+ 23. Qxd2 Qd5 24. Qh2 Rd7 25. Ra1 Rc7 26. Qh1 Qxh1 27. Rxh1 Ng2+
28. Kd2 Nxf4 29. Raf1 Nxg6 30. Bxg6 Rxf1 31. Rxf1 Nxe5 32. Be4 g6 33. Nf4 Rf7
34. Ke2 Kd7 35. Nxg6 Kd6 36. Nxe5 Rxf1 37. Nc4+ Kc5 38. Kxf1 1-0

[Event "World Rapid 2019"]
[Site "Moscow RUS"]
[Date "2019.12.26"]
[Round "3.56"]
[White "Pogosyan, Stefan"]
[Black "Iturrizaga Bonelli, Eduardo"]
[Result "1-0"]
[WhiteTitle "IM"]
[BlackTitle "GM"]
[WhiteElo "2459"]
[BlackElo "2597"]
[WhiteFideId "34159867"]
[BlackFideId "3901211"]
[EventDate "2019.12.26"]
[EventType "rapid"]

1. d4 Nf6 2. c4 e6 3. Nf3 Bb4+ 4. Bd2 a5 5. g3 d6 6. Bg2 Nbd7 7. O-O e5 8. Nc3
exd4 9. Nxd4 O-O 10. Nd5 Nxd5 11. cxd5 Bc5 12. Bc3 Re8 13. e4 Nf6 14. Re1 Bg4
15. Qd3 Bh5 16. Nf5 Bg6 17. h3 Bb4 18. Bxb4 axb4 19. Qb5 Bxf5 20. exf5 Rxe1+ 21.
Rxe1 Rxa2 22. Qxb7 Rxb2 23. Ra1 Qe7 24. Qxc7 Qe2 25. Ra8+ Ne8 26. Kh2 Rb1 27.
Qd7 Re1 28. Ra7 h6 29. Qxf7+ Kh8 30. f6 1-0

[Event "World Rapid 2019"]
[Site "Moscow RUS"]
[Date "2019.12.26"]
[Round "3.57"]
[White "Ganguly, Surya Shekhar"]
[Black "Kazhgaleyev, Murtas"]
[Result "1/2-1/2"]
[WhiteTitle "GM"]
[BlackTitle "GM"]
[WhiteElo "2633"]
[BlackElo "2569"]
[WhiteFideId "5002150"]
[BlackFideId "13700316"]
[EventDate "2019.12.26"]
[EventType "rapid"]

1. e4 e5 2. Nf3 Nc6 3. d4 exd4 4. Nxd4 Nf6 5. Nxc6 bxc6 6. Nd2 d6 7. Qe2 Be7 8.
b3 O-O 9. Bb2 Nd7 10. Qf3 a5 11. Bc4 a4 12. O-O Bf6 13. Bxf6 Qxf6 14. Qxf6 Nxf6
15. Rae1 axb3 16. axb3 Ra2 17. Bd3 Re8 18. Ra1 Rxa1 19. Rxa1 d5 20. f3 dxe4 21.
Nxe4 Nd5 22. Nc5 Kf8 23. Kf2 f5 24. g3 g6 25. c4 Nf6 26. b4 Nd7 27. Nxd7+ Bxd7
28. Ra7 Rc8 29. c5 Be8 30. Ke3 h6 31. Kd4 Rd8+ 32. Kc3 Rd7 33. f4 Re7 34. Ra8
Kg7 35. Bc4 g5 36. Rd8 Bf7 37. Bd3 Kf6 38. Kd2 Be6 39. h4 gxh4 40. gxh4 Rg7 41.
Rf8+ Kg6 42. Be2 Rd7+ 43. Ke3 Kg7 44. Re8 Bf7 45. Re5 Kf6 46. Bd3 Be6 47. Be2
Rd8 48. Bf3 Rb8 49. Bxc6 Rxb4 50. Bf3 Rb3+ 51. Kf2 Rb4 52. Ke3 Rb3+ 1/2-1/2

[Event "World Rapid 2019"]
[Site "Moscow RUS"]
[Date "2019.12.26"]
[Round "3.58"]
[White "Makarian, Rudik"]
[Black "Yuffa, Daniil"]
[Result "0-1"]
[WhiteTitle "IM"]
[BlackTitle "GM"]
[WhiteElo "2397"]
[BlackElo "2566"]
[WhiteFideId "44105681"]
[BlackFideId "24131423"]
[EventDate "2019.12.26"]
[EventType "rapid"]

1. Nf3 d6 2. c4 g6 3. Nc3 Bg7 4. g3 e5 5. Bg2 f5 6. d3 Nf6 7. O-O O-O 8. Bg5
Nbd7 9. Rc1 h6 10. Bxf6 Nxf6 11. Nd5 c6 12. Nxf6+ Qxf6 13. b4 d5 14. cxd5 cxd5
15. e4 Be6 16. exd5 Bxd5 17. Re1 Rfe8 18. Rc5 Qd6 19. Ng5 Bxa2 20. Qa4 hxg5 21.
Qxa2+ Kh7 22. Bxb7 Rab8 23. Bg2 Rxb4 24. Rc6 Qd7 25. Rec1 Re7 26. Rc8 Qd4 27.
Qg8+ Kh6 28. R8c6 Rb6 29. Bd5 Qxd3 30. Bf7 Rxc6 31. Rxc6 Qb1+ 32. Kg2 Qe4+ 0-1

[Event "World Rapid 2019"]
[Site "Moscow RUS"]
[Date "2019.12.26"]
[Round "3.59"]
[White "Kobalia, Mikhail"]
[Black "Yanchenko, Roman"]
[Result "1/2-1/2"]
[WhiteTitle "GM"]
[BlackTitle "FM"]
[WhiteElo "2609"]
[BlackElo "2463"]
[WhiteFideId "4119150"]
[BlackFideId "4137329"]
[EventDate "2019.12.26"]
[EventType "rapid"]

1. e4 e6 2. d4 d5 3. Nc3 Bb4 4. e5 Ne7 5. a3 Bxc3+ 6. bxc3 b6 7. Nh3 Ba6 8. Bxa6
Nxa6 9. Nf4 c5 10. Nh5 Kf8 11. a4 Rc8 12. O-O cxd4 13. cxd4 Nb4 14. Ba3 Rc4 15.
Qg4 Rg8 16. c3 Nc2 17. Bxe7+ Qxe7 18. Rab1 Rxc3 19. a5 Na3 20. Rbc1 Rxc1 21.
Rxc1 Nc4 22. axb6 axb6 23. Ra1 Qb7 24. Qg5 Qb8 25. h3 b5 26. Nf4 h6 27. Qg3 b4
28. Qb3 g6 29. Ra4 Kg7 30. Rxb4 Qa8 31. Rb7 Re8 32. Qb1 Kg8 33. Kh2 Nd2 34. Qb5
Qc8 35. h4 Rf8 36. Qb2 Nc4 37. Qb4 Qd8 38. g3 h5 39. Qb1 Nd2 40. Qd3 Qc8 41. Rb2
Nc4 42. Rb1 Kg7 43. Nh3 Qc7 44. Ng5 Rb8 45. Rxb8 Qxb8 46. Qf3 Qe8 47. Qf6+ Kg8
48. f3 Nb6 49. g4 Nd7 50. Qf4 hxg4 51. fxg4 Qe7 52. Kg3 Nf8 53. h5 Nh7 54. Nf3
g5 55. Qc1 Kg7 56. Qc8 Qa3 57. Qe8 Qf8 58. Qd7 Qa3 59. Qe8 Qf8 60. Qxf8+ Kxf8
61. Kf2 Ke7 62. Ke3 f5 63. exf6+ Nxf6 64. Ne5 Kf8 65. Kd3 Ne4 66. Kc2 Kg7 67.
Kb3 Nd2+ 68. Kb4 Kf6 69. Nc6 Ne4 70. Kb5 Nd6+ 71. Kb6 Nf7 72. Kc5 Kg7 73. Kb4
Kf6 74. Kc5 Kg7 75. Kb5 Kf6 76. Kb4 Kg7 77. Kb5 Kf6 78. Kc5 Kg7 79. Kb4 Kf6 80.
Kc3 Kg7 81. Kb4 Kf6 82. Kc5 1/2-1/2

[Event "World Rapid 2019"]
[Site "Moscow RUS"]
[Date "2019.12.26"]
[Round "3.60"]
[White "Indjic, Aleksandar"]
[Black "Vishnu Prasanna, V"]
[Result "1-0"]
[WhiteTitle "GM"]
[BlackTitle "GM"]
[WhiteElo "2619"]
[BlackElo "2493"]
[WhiteFideId "911925"]
[BlackFideId "5030692"]
[EventDate "2019.12.26"]
[EventType "rapid"]

1. e4 c5 2. Nc3 d6 3. Bb5+ Bd7 4. Bxd7+ Qxd7 5. Nh3 Nc6 6. d3 e6 7. O-O O-O-O 8.
a3 d5 9. exd5 exd5 10. b4 Nge7 11. bxc5 Nf5 12. Nf4 Bxc5 13. Nfxd5 Rde8 14. Rb1
Ncd4 15. Kh1 h5 16. Ne3 h4 17. Ne4 Rxe4 18. dxe4 Ng3+ 19. fxg3 hxg3 20. Ng4 f5
21. Bf4 Rh4 22. exf5 1-0

[Event "World Rapid 2019"]
[Site "Moscow RUS"]
[Date "2019.12.26"]
[Round "3.61"]
[White "Nihal, Sarin"]
[Black "Kezin, Roman"]
[Result "1/2-1/2"]
[WhiteTitle "GM"]
[BlackTitle "IM"]
[WhiteElo "2612"]
[BlackElo "2470"]
[WhiteFideId "25092340"]
[BlackFideId "24124621"]
[EventDate "2019.12.26"]
[EventType "rapid"]

1. Nf3 d5 2. e3 Nf6 3. c4 e6 4. b3 Be7 5. Bb2 O-O 6. Nc3 b6 7. cxd5 exd5 8. d4
Bb7 9. Bd3 c5 10. O-O Nc6 11. dxc5 bxc5 12. Rc1 Nb4 13. Be2 Rc8 14. a3 Nc6 15.
Na4 Ne4 16. Nd2 Nxd2 17. Qxd2 Na5 18. Nxc5 Bxc5 19. b4 Nc4 20. Bxc4 dxc4 21.
Qxd8 Rfxd8 22. bxc5 Rxc5 23. Bd4 Ra5 24. Rc3 Be4 25. f3 Bd3 26. Rd1 h6 27. Kf2
Rb8 28. Rd2 a6 29. h4 Rab5 30. Kg3 Rb3 31. Rxb3 Rxb3 32. Rb2 a5 33. Rxb3 cxb3
34. Kf4 f6 35. e4 a4 1/2-1/2

[Event "World Rapid 2019"]
[Site "Moscow RUS"]
[Date "2019.12.26"]
[Round "3.62"]
[White "Romanov, Evgeny"]
[Black "Harsha, Bharathakoti"]
[Result "0-1"]
[WhiteTitle "GM"]
[BlackTitle "GM"]
[WhiteElo "2604"]
[BlackElo "2523"]
[WhiteFideId "4148843"]
[BlackFideId "5078776"]
[EventDate "2019.12.26"]
[EventType "rapid"]

1. c4 e6 2. g3 d5 3. Bg2 Nf6 4. Nf3 d4 5. b4 a5 6. b5 Bc5 7. O-O O-O 8. a4 Re8
9. Ne5 Bd6 10. Nf3 e5 11. d3 h6 12. Nbd2 Nbd7 13. Nb3 Nc5 14. Nxc5 Bxc5 15. Nd2
Rb8 16. Nb3 Bb4 17. Bd2 Bxd2 18. Qxd2 b6 19. e3 dxe3 20. Qxe3 Bf5 21. Rad1 Qd6
22. c5 Qe6 23. d4 e4 24. Rfe1 Nd5 25. Qc1 Qg6 26. Nd2 Nf4 27. Qc3 Nxg2 28. Kxg2
Qh5 29. Nc4 Bg4 30. Rd2 Bf3+ 31. Kg1 Rbd8 32. Ne3 Qh3 33. d5 bxc5 34. Qxc5 Re5
35. g4 Rg5 36. Qxc7 Rxg4+ 0-1

[Event "World Rapid 2019"]
[Site "Moscow RUS"]
[Date "2019.12.26"]
[Round "3.63"]
[White "Donchenko, Alexander"]
[Black "Sadhwani, Raunak"]
[Result "0-1"]
[WhiteTitle "GM"]
[BlackTitle "IM"]
[WhiteElo "2644"]
[BlackElo "2507"]
[WhiteFideId "24603295"]
[BlackFideId "35093487"]
[EventDate "2019.12.26"]
[EventType "rapid"]

1. c4 Nf6 2. Nc3 g6 3. e4 d6 4. d4 Bg7 5. Nf3 O-O 6. Be2 e5 7. O-O Qe8 8. Re1
exd4 9. Nxd4 Nxe4 10. Nd5 Qd8 11. Bf3 Nxf2 12. Kxf2 Qh4+ 13. Kf1 Bxd4 14. Re2
Nc6 15. Nxc7 Qxh2 16. Be3 Bxe3 17. Rxe3 Rb8 18. Kf2 Ne5 19. Qd4 Bg4 20. Nd5 f5
21. Ne7+ Kf7 22. Nd5 Rbe8 23. Rae1 Qh4+ 24. Kg1 Nxf3+ 25. gxf3 Qg3+ 26. Kf1 Bh3+
27. Ke2 Re5 28. Kd2 Rfe8 29. Qxa7 Kg7 30. Qxb7+ Kh6 31. Qa7 f4 32. Rxe5 Rxe5 33.
Rxe5 dxe5 34. Nf6 Qxf3 35. Ng8+ Kg5 36. Qe7+ Kg4 37. Qxe5 Qf2+ 38. Kd1 Kg3 39.
Nf6 Bf5 40. Ne4+ Bxe4 41. Qxe4 Qxb2 42. c5 Qa1+ 43. Kc2 Qxa2+ 44. Kc3 Qa3+ 45.
Kc4 Qa4+ 46. Kd5 Qxe4+ 47. Kxe4 f3 48. c6 f2 49. c7 f1=Q 50. c8=Q Qf4+ 0-1

[Event "World Rapid 2019"]
[Site "Moscow RUS"]
[Date "2019.12.26"]
[Round "3.64"]
[White "Mikhailovsky, Vladimir"]
[Black "Utegaliyev, Azamat"]
[Result "0-1"]
[WhiteTitle "CM"]
[WhiteElo "2209"]
[BlackElo "2502"]
[WhiteFideId "34105414"]
[BlackFideId "13702467"]
[EventDate "2019.12.26"]
[EventType "rapid"]

1. c4 Nf6 2. Nc3 g6 3. d4 Bg7 4. e4 d6 5. h3 O-O 6. g4 c5 7. d5 a6 8. a4 Nbd7 9.
Nge2 b5 10. axb5 Bb7 11. Ng3 axb5 12. Rxa8 Qxa8 13. Nxb5 Ba6 14. Nc7 Qb7 15.
Nxa6 Qxa6 16. Be2 Rb8 17. h4 Ne8 18. Kf1 Bxb2 19. Bxb2 Rxb2 20. h5 Qa2 21. Kg2
Nef6 22. hxg6 hxg6 23. Rh4 Qb1 24. Qa4 Qc1 25. Qa3 Qd2 26. g5 Qxg5 27. Qxb2 Qxh4
28. f3 Ne5 29. Qb7 Nh5 30. Nxh5 gxh5 31. Qc8+ Kg7 32. Qf5 Ng6 33. Bf1 Nf4+ 34.
Kg1 Qg3+ 35. Kh1 Qxf3+ 36. Kg1 Qg3+ 37. Kh1 e6 38. dxe6 fxe6 0-1

[Event "World Rapid 2019"]
[Site "Moscow RUS"]
[Date "2019.12.26"]
[Round "3.65"]
[White "Nozdrachev, Vladislav"]
[Black "Blohberger, Felix"]
[Result "1/2-1/2"]
[WhiteTitle "IM"]
[BlackTitle "IM"]
[WhiteElo "2494"]
[BlackElo "2434"]
[WhiteFideId "24113441"]
[BlackFideId "1632051"]
[EventDate "2019.12.26"]
[EventType "rapid"]

1. e4 e5 2. Nf3 Nf6 3. Nxe5 d6 4. Nf3 Nxe4 5. c4 Nc6 6. Nc3 Nxc3 7. dxc3 g6 8.
Qe2+ Qe7 9. Bg5 Qxe2+ 10. Bxe2 Bg7 11. O-O-O O-O 12. Nd4 Nxd4 13. cxd4 Be6 14.
h4 Rfe8 15. Rhe1 a6 16. a4 Bd7 17. b3 Bc6 18. d5 Bd7 19. a5 Bc3 20. Bd2 Bd4 21.
Bf3 Bxf2 22. Rxe8+ Rxe8 23. h5 Bf5 24. Rf1 Be3 25. Kd1 Bxd2 26. Kxd2 Kg7 27.
hxg6 fxg6 28. b4 g5 29. b5 Kg6 30. g4 Bc8 31. Be2 Kg7 32. Rc1 Re5 33. b6 cxb6
34. axb6 h5 35. gxh5 g4 36. Rg1 Rxh5 37. Ke3 Re5+ 38. Kf2 Re4 39. Rc1 Kf6 40. c5
dxc5 41. Rxc5 g3+ 42. Kf3 g2 43. Rc1 Bg4+ 44. Kxe4 Bxe2 45. Ke3 Bf1 46. Kf2 Ke5
47. Rc7 Kxd5 48. Rxb7 Kc6 49. Rb8 Kb5 50. Rg8 Kxb6 51. Ke3 Kc5 52. Kd2 Kc4 53.
Kc2 Kd4 54. Kb2 Ke3 55. Rxg2 Bxg2 1/2-1/2

[Event "World Rapid 2019"]
[Site "Moscow RUS"]
[Date "2019.12.26"]
[Round "3.66"]
[White "Bartel, Mateusz"]
[Black "Atabayev, Saparmyrat"]
[Result "1-0"]
[WhiteTitle "GM"]
[BlackTitle "IM"]
[WhiteElo "2634"]
[BlackElo "2425"]
[WhiteFideId "1112635"]
[BlackFideId "14000571"]
[EventDate "2019.12.26"]
[EventType "rapid"]

1. e4 c5 2. Nf3 e6 3. d4 cxd4 4. Nxd4 a6 5. Nc3 Qc7 6. Bd3 Nf6 7. f4 d6 8. Qf3
Nbd7 9. g4 Nc5 10. g5 Nfd7 11. Be3 b5 12. O-O-O b4 13. Nd5 exd5 14. exd5 Nxd3+
15. Rxd3 Nc5 16. Rd2 Bd7 17. Nc6 Bxc6 18. dxc6 O-O-O 19. Rhd1 Na4 20. Qd5 Be7
21. Rd4 Nc5 22. Rxb4 Qa5 23. Rb7 Rhe8 24. Qf5+ 1-0

[Event "World Rapid 2019"]
[Site "Moscow RUS"]
[Date "2019.12.26"]
[Round "3.67"]
[White "Tengis, Tsog-Ochir"]
[Black "Rychagov, Andrey"]
[Result "1/2-1/2"]
[WhiteTitle "FM"]
[BlackTitle "GM"]
[WhiteElo "2190"]
[BlackElo "2545"]
[WhiteFideId "4902718"]
[BlackFideId "4119932"]
[EventDate "2019.12.26"]
[EventType "rapid"]

1. Nf3 d5 2. e3 Nf6 3. c4 e6 4. b3 Be7 5. Bb2 O-O 6. g3 b6 7. Bg2 Bb7 8. O-O c5
9. Re1 Nc6 10. Nc3 dxc4 11. bxc4 Nb4 12. d4 cxd4 13. exd4 Rc8 14. a3 Nc6 15. Ne5
Ba8 16. Nxc6 Bxc6 17. d5 Ba8 18. Bh3 Rxc4 19. dxe6 Qc7 20. exf7+ Kh8 21. Bg2
Bxg2 22. Kxg2 Rxf7 23. Qf3 Rf8 24. Qe2 Qc6+ 25. f3 Ng4 26. Rad1 Bf6 27. Qe6 Bxc3
28. Qxc6 Rxc6 29. Bxc3 Rxc3 30. fxg4 Rc2+ 31. Kh3 h6 32. g5 hxg5 33. Rd7 Rf6 34.
Rxa7 Rg6 35. Kg4 Rc4+ 36. Kf5 Kh7 37. h3 Kh6 38. Re8 Rf6+ 39. Ke5 Rc3 40. Rg8
Rc5+ 41. Kd4 Rd6+ 42. Ke4 Re6+ 1/2-1/2

[Event "World Rapid 2019"]
[Site "Moscow RUS"]
[Date "2019.12.26"]
[Round "3.69"]
[White "Tran, Tuan Minh"]
[Black "Chigaev, Maksim"]
[Result "0-1"]
[WhiteTitle "GM"]
[BlackTitle "GM"]
[WhiteElo "2529"]
[BlackElo "2631"]
[WhiteFideId "12401820"]
[BlackFideId "4108116"]
[EventDate "2019.12.26"]
[EventType "rapid"]

1. d4 Nf6 2. c4 g6 3. Nc3 Bg7 4. e4 d6 5. Be2 O-O 6. Be3 Na6 7. Nf3 e5 8. d5 Ng4
9. Bg5 f6 10. Bh4 Nh6 11. O-O c5 12. Ne1 Bd7 13. f3 Nf7 14. a3 Qe7 15. Nd3 h5
16. b4 b6 17. Rb1 Bh6 18. Bf2 Rab8 19. Re1 Kg7 20. Bf1 Bg5 21. Re2 Rfc8 22. Qb3
h4 23. Reb2 Qf8 24. Qa2 Qh8 25. h3 Qh6 26. bxc5 Nxc5 27. Nxc5 Rxc5 28. Bxc5 dxc5
29. Nd1 Bf4 30. Bd3 Qg5 31. Kf1 Qg3 32. Nf2 Ng5 33. Qb3 Be3 34. Qd1 Bd4 35. Re2
Bxh3 36. Nh1 Qxf3+ 37. Ke1 Bc3+ 0-1

[Event "World Rapid 2019"]
[Site "Moscow RUS"]
[Date "2019.12.26"]
[Round "3.70"]
[White "Afanasiev, Nikita"]
[Black "Sjugirov, Sanan"]
[Result "0-1"]
[WhiteTitle "IM"]
[BlackTitle "GM"]
[WhiteElo "2517"]
[BlackElo "2665"]
[WhiteFideId "24183555"]
[BlackFideId "4189302"]
[EventDate "2019.12.26"]
[EventType "rapid"]

1. Nf3 d5 2. e3 c5 3. b3 Nf6 4. Bb5+ Nbd7 5. Bb2 a6 6. Bxd7+ Qxd7 7. O-O e6 8.
a4 b6 9. Ne5 Qc7 10. f4 Bb7 11. d3 Be7 12. Nd2 O-O 13. Rf3 d4 14. Rh3 Rad8 15.
e4 g6 16. Qe2 Nd7 17. Nxd7 Rxd7 18. Nc4 Rdd8 19. Rf1 Rde8 20. f5 exf5 21. Qd2 f4
22. Qxf4 Qxf4 23. Rxf4 b5 24. axb5 axb5 25. Nb6 Bc6 26. b4 f5 27. exf5 Bg5 28.
Rf1 Re2 29. Rf2 Be3 30. Rxe3 Rxe3 31. bxc5 Re1+ 32. Rf1 Rxf1+ 33. Kxf1 Rxf5+ 34.
Ke2 Rxc5 35. Kd2 Rh5 0-1

[Event "World Rapid 2019"]
[Site "Moscow RUS"]
[Date "2019.12.26"]
[Round "3.71"]
[White "Guliyev, Namig"]
[Black "Pigusov, Evgeny"]
[Result "1/2-1/2"]
[WhiteTitle "GM"]
[BlackTitle "GM"]
[WhiteElo "2548"]
[BlackElo "2555"]
[WhiteFideId "13400363"]
[BlackFideId "4100514"]
[EventDate "2019.12.26"]
[EventType "rapid"]

1. e4 c5 2. Nf3 Nc6 3. Nc3 g6 4. d4 cxd4 5. Nxd4 Bg7 6. Be3 Nf6 7. Bc4 O-O 8.
Bb3 a5 9. O-O d6 10. h3 Nxd4 11. Bxd4 Bd7 12. a4 Bc6 13. Qd3 Nd7 14. Bxg7 Kxg7
15. Qd4+ Kg8 16. Bc4 Qb6 17. Qxb6 Nxb6 18. Bd3 Rac8 19. Rfd1 Rfd8 20. f4 Nd7 21.
Kf2 Nc5 22. g3 e5 23. fxe5 dxe5 24. Ke3 Rd4 25. Bb5 Rcd8 26. Bxc6 bxc6 27. b3
Kg7 28. Kf3 Ne6 29. Ke3 f5 30. exf5 gxf5 31. Ke2 Kf6 32. Ke1 Ng5 33. Rxd4 exd4
34. Ne2 Nxh3 35. Rd1 c5 36. c3 Ng5 37. cxd4 cxd4 38. Nf4 Ne4 39. Rd3 Nc5 40. Rf3
Ke5 41. Ng2 Ne4 42. Nh4 Rf8 43. Ke2 f4 44. gxf4+ Rxf4 45. Rxf4 Kxf4 46. Kd3 Nc5+
47. Kxd4 Nxb3+ 48. Kc4 Nd2+ 49. Kb5 Ke5 1/2-1/2

[Event "World Rapid 2019"]
[Site "Moscow RUS"]
[Date "2019.12.26"]
[Round "3.72"]
[White "Vastrukhin, Oleg"]
[Black "Pashikian, Arman"]
[Result "1/2-1/2"]
[WhiteTitle "IM"]
[BlackTitle "GM"]
[WhiteElo "2428"]
[BlackElo "2605"]
[WhiteFideId "4192770"]
[BlackFideId "13301578"]
[EventDate "2019.12.26"]
[EventType "rapid"]

1. Nf3 d5 2. g3 g6 3. Bg2 Bg7 4. d4 c6 5. O-O Nf6 6. Nbd2 O-O 7. c3 Bf5 8. Re1
Nbd7 9. Nh4 Be6 10. e4 dxe4 11. Nxe4 Nxe4 12. Bxe4 Bh3 13. Qb3 Qb6 14. Ng2 e5
15. dxe5 Nxe5 16. Nf4 Bf5 17. Bg2 Bg4 18. Be3 Qc7 19. Bd4 g5 20. Bxe5 Bxe5 21.
Nd3 Bg7 22. Nc5 Rab8 23. h3 Bh5 24. Re3 Rfd8 25. Rae1 Qb6 26. Nd3 Qxb3 27. axb3
Bg6 28. Ne5 Bc2 29. b4 Bb3 30. Nd3 Bc4 31. Nc5 b6 32. Ne4 h6 33. g4 a5 34. Ng3
axb4 35. Nf5 Bf8 36. Bxc6 b3 37. Nd4 Bc5 38. Re4 b5 39. Be8 Kf8 40. Bc6 Rb6 41.
Re8+ Rxe8 42. Rxe8+ Kg7 43. Be4 Ra6 44. Nf5+ Kf6 45. Rc8 Ra1+ 46. Kg2 Ba7 47.
Nxh6 Ra2 48. Ra8 Bc5 49. Rc8 Ba7 50. Ra8 Ke5 51. Kf3 Be2+ 52. Kxe2 Kxe4 53. f3+
Kf4 54. Kd3 f6 55. Rf8 Rxb2 56. Rxf6+ Kg3 57. Rf5 b4 58. Rb5 bxc3 59. Kxc3 Rf2
60. Kxb3 Rxf3+ 61. Kc4 Kh4 62. Rb7 Bg1 63. Rh7 Kxh3 64. Nf7+ Kg3 65. Nxg5 Rf4+ 1/2-1/2

[Event "World Rapid 2019"]
[Site "Moscow RUS"]
[Date "2019.12.26"]
[Round "3.73"]
[White "Batchuluun, Tsegmed"]
[Black "Belov, Vladimir"]
[Result "1/2-1/2"]
[WhiteTitle "GM"]
[BlackTitle "GM"]
[WhiteElo "2530"]
[BlackElo "2598"]
[WhiteFideId "4900847"]
[BlackFideId "4132394"]
[EventDate "2019.12.26"]
[EventType "rapid"]

1. d4 Nf6 2. c4 g6 3. Nc3 d5 4. Bf4 Bg7 5. e3 O-O 6. cxd5 Nxd5 7. Nxd5 Qxd5 8.
Bxc7 Na6 9. Bxa6 Qxg2 10. Qf3 Qxf3 11. Nxf3 bxa6 12. Rc1 Bb7 13. Ke2 f6 14. Rhd1
e6 15. b3 Rf7 16. Ba5 Bf8 17. Nd2 Rd7 18. Nc4 Rd5 19. Bc7 Rf5 20. Nd2 Ba3 21.
Rc2 Rc8 22. e4 Rh5 23. Kd3 f5 24. f3 a5 25. Bg3 fxe4+ 26. fxe4 Rxc2 27. Kxc2 Bb4
28. Kd3 a4 29. Nc4 axb3 30. axb3 Rb5 31. Ra1 a6 32. Bd6 Bxd6 33. Nxd6 Rxb3+ 34.
Kc4 Rb6 35. Nxb7 Rxb7 36. Rxa6 Rc7+ 37. Kb5 Kf7 38. Rc6 Rb7+ 39. Kc5 g5 40. Kd6
g4 41. Ke5 Rb5+ 42. Kf4 h5 43. Rc5 Rb4 44. Rxh5 Rxd4 45. Rh4 Rd2 46. Kxg4 Kf6
47. Kf4 Rf2+ 48. Ke3 Ra2 49. Rh6+ Ke5 50. Rh5+ Kf6 51. h4 Rh2 52. Kf4 e5+ 53.
Kg4 Rg2+ 54. Kf3 Rh2 55. Rf5+ Ke6 56. Rh5 Kf6 57. Rf5+ Ke6 58. h5 Rh4 59. Rg5
Rf4+ 60. Kg3 Rxe4 61. h6 Re1 62. Kh2 Re2+ 63. Kg1 Re1+ 64. Kg2 Re2+ 65. Kg3 Re1
66. Rh5 Rg1+ 67. Kh4 Rh1+ 68. Kg5 Rxh5+ 69. Kxh5 Kf6 70. Kg4 Kg6 71. h7 Kxh7 72.
Kf5 e4 73. Kxe4 1/2-1/2